000 00350nam a22001337a 4500
020 _a969350741X
040 _cNust
082 _a910.4
_bMOH
100 _aMamunka, Muhammad Akhtar
_9125094
245 _aSafar tin darveshon ka
260 _aLahore;
_b Sang-i Mil Pablikeshanz,
_c2002.
650 _aSafar tin darveshon ka
_9125095
942 _2ddc
_cBK
999 _c610848
_d610848